Normal view MARC view

Entry Nombre de reunión

Number of records used in: 1

001 - NÚMERO DE CONTROL

  • campo de control: 48845

003 - IDENTIFICADOR DEL NÚMERO DE CONTROL

  • campo de control: OSt

005 - FECHA Y HORA DE LA ÚLTIMA TRANSACCIÓN

  • campo de control: 20230109104551.0

008 - DATOS DE LONGITUD FIJA

  • campo de control de longitud fija: 230109|| aca||aabn | a|a d

040 ## - FUENTE DE LA CATALOGACIÓN

  • Centro catalogador/agencia de origen: OSt
  • Centro/agencia transcriptor: OSt

111 ## - ENCABEZAMIENTO--NOMBRE DE CONGRESO/REUNIÓN

  • Nombre de congreso/reunión o jurisdicción como elemento de entrada: Concurso Nacional de Poesía en Lenguas Indígenas u Originarias Mi lengua, Mi patria
  • Fecha del congreso/reunión: : 2019
  • Sede del congreso/Lugar de la reunión: : Lima, Perú)

670 ## - FUENTE DE DATOS ENCONTRADOS

  • Cita de la fuente: Work cat.: (OSt)0: Concurso Nacional de Poesía en Lenguas Indígenas u Originarias Mi lengua, Mi patria : 2019 : Lima, Perú), ¡Mi lengua, mi patria! :

Powered by Koha